000 00692nam a2200241 a 4500
001 13559
003 BD-JhCC
005 20240201131434.0
008 240201b1988 sa a|||| ||a| 000 0 eng d
020 _a0892590289
035 _a(BD-JhCC)13559
040 _aBD-JhCC
_dBD-JhCC
041 _aEnglish
082 _a297.44
_bEIL 1988
100 _aEl-Liwaru, Saidi J
245 _aThe Muslim Family Reader :
_bA Builder Of The Islamic Personality /
_cSaidi J. El-Liwaru,Maisha Zoja EI-Liwaru.
260 _aSaudi Arabia:
_bIIPH;
_c1988.
300 _a55 p. :
_bill;
_c29 cm.
650 _aIslamic religious education
700 _a EI-Liwaru,Maisha Zoja
942 _2ddc
_cBK
999 _c13559
_d13559